Представление документа в формате MARC21

ПолеНазваниеЗначение
  Тип записи a
  Библиографический уровень m
001 Контрольный номер RU\infra-m\znanium\bibl\1371146
005 Дата корректировки 20230313235236.6
008 Кодируемые данные 210604s2021 RU g rus u
020 Индекс ISBN __
a ISBN 978-5-16-016911-8
020 Индекс ISBN __
a ISBN 978-5-16-109480-8
040 Источник каталогиз. __
a Служба первич. каталог. Общество с ограниченной ответственностью «ЗНАНИУМ»
041 Код языка издания __
a Код языка текста rus
044 Код страны публикации __
a Код страны публикации RU
080 Индекс УДК __
a Индекс УДК 37.013(075.4)
084 Индекс другой классификации/Индекс ББК __
2 Источник индекса rubbk
a Индекс другой классификации/Индекс ББК 74.266.89
084 Индекс другой классификации/Индекс ББК __
2 Источник индекса okso
a Индекс другой классификации/Индекс ББК 44.04.02
084 Индекс другой классификации/Индекс ББК __
2 Источник индекса okso
a Индекс другой классификации/Индекс ББК 44.04.01
084 Индекс другой классификации/Индекс ББК __
2 Источник индекса okso
a Индекс другой классификации/Индекс ББК 44.04.04
084 Индекс другой классификации/Индекс ББК __
2 Источник индекса okso
a Индекс другой классификации/Индекс ББК 44.06.01
084 Индекс другой классификации/Индекс ББК __
2 Источник индекса okso
a Индекс другой классификации/Индекс ББК 44.03.01
100 Автор __
a Автор Данченко Сергей Петрович
q Полное имя Сергей Петрович
245 Заглавие __
a Заглавие Начала педагогики безопасности
b Продолж. заглавия Монография
c Ответственность Санкт-Петербургская академия постдипломного педагогического образования
250 Сведения об издании __
a Основные сведения об издании 1
260 Выходные данные __
a Место издания Москва
b Издательство ООО "Научно-издательский центр ИНФРА-М"
c Дата издания 2021
300 Физическое описание __
a Объем 192 с.
440 Серия __
a Серия Научная мысль
520 Аннотация __
a Аннотация Монография посвящена исследованию проблемы становления и развития педагогики безопасности в контексте философского осмысления феномена безопасности. На основе анализа работ посвященных проблемам безопасности человека определены наиболее общие теоретические положения данной области знаний. Сформулированы актуальные проблемы науки о безопасности определены понятия «опасность» и «безопасность» как философские категории. Представлены теоретические и методологические основы научного направления безопасности жизнедеятельности и педагогики безопасности. Определены дидактические особенности выделены специфические принципы педагогики безопасности на уровне общего образования. Предложен методический подход обучения основам безопасности. Представлены результаты исследования применения предложенного подхода.
521 Примеч. о цел. назн. __
a Примеч. о целев. назн. Дополнительное профессиональное образование
650 Тематические рубрики __
a Основная рубрика Педагогика. Образование
x Основная подрубрика Общая педагогика
856 Электронный адрес документа 4_
a Имя сервера/домена znanium.com
m Помощь ebs_support@infra-m.ru
n Местонахождение сервера НИЦ ИНФРА-М
u URL https://znanium.com/catalog/document?id=378432
856 Электронный адрес документа 41
a Имя сервера/домена znanium.com
d Путь /cover/1371
f Электронное имя 1371146.jpg
q Тип электронного формата image/jpeg
u URL https://znanium.com/cover/1371/1371146.jpg
911 __
u 0030=https://znanium.com/catalog/document?id=378432
911 __
u 608a=Монография
u 6082=local
911 __
u 9031=146
911 __
u 951p=s://znanium.com/catalog/document?id=378432&pid=